000 00769nam a22002532a 4500
001 29418
003 BD-RjUL
005 20211209051418.0
008 140403s1966 xx 001 0 eng d
035 _a(BD-RjUL)29503
040 _aDLC
_cKCP
_dBD-RjUL
_beng
041 _aeng
082 0 0 _a150
_bMUP 1966
100 1 _aMunn, Norman Leslie,
_d1902-
_988385
245 1 0 _aPsychology :
_bthe fundamentals of human adjustment /
_cNorman L. Munn; under the editorship of Leonard Carmichael.
250 _a5th ed.
260 _a Boston :
_bHoughton Mifflin,
_cc1966.
300 _axv, 716 p. :
_bill. ;
_c25 cm.
504 _aIncludes bibliographies and index.
650 0 _aPsychology.
_989701
942 _2ddc
_cBK
999 _c29418
_d29418